000 00582nam a2200205 4500
001 19530
003 OSt
005 20250701112729.0
007 tu
008 171130s1967||||||| ger
040 _aDE-2950
_cDE-2950
100 1 _aSeidel, Heinrich Wolfgang
245 0 0 _aDrei Stunden hinter Berlin:
_bBriefe aus dem Vikariat /
_cHeinrich Wolfgang Seidel; hrsg. und mit einem Nachwort versehen von Ina Seidel
250 _a4. Aufl.
264 _aGöttingen:
_bVandenhoeck & Ruprecht,
_c1967
300 _a346 S.
365 _c
546 _adeutsch
942 _2z
_cB
999 _c79753
_d79753